000 01454cam a22004094i 4500
003 PE-LiUPU
005 20250731173055.0
008 150623s r 000 0 d
035 _a(Sirsi) a24277
040 _aPE-LiUPU
_bspa
_cPE-LiUPU
_erda
082 0 4 _a270.09
_bM81
_221
100 1 _aMosheim, John Lawrence von,
_eautor.
245 1 4 _aThe history of the Christian church from the birth of Christ to Constantine the great.
264 1 _a[London] :
_b[Marshall Bros],
_c[187 ].
300 _apag. varia :
_bilustraciones, gráficos ;
_c22 cm.
336 _atext
_2rdacontent
337 _aunmediated
_2rdamedia
338 _avolume
_2rdacarrier
505 0 _aThe history of the Christian church from the birth of Christ to Constantine the great.
526 _aSEG42
526 _aSEG41
526 _aSEG40
526 _aSEG39
526 _aP94
526 _aP87
526 _aP86
526 _aP85
526 _aP77
526 _aP76
526 _aP35
650 0 4 _aIglesia
_xHistoria
_yPeríodo primitivo.
942 _2ddc
_cBOOK
949 _a270.09 M81
_wDEWEY
_c1
_i48564
_lCCODEBUL1
_mBUL
_p00.00
_r0
_sY
_tBOOK
_u2015-06-24
_xBIBLIOTECA
_PP35
_0COMPRA
_o.STAFF. Colección General
596 _a1
999 _a270.09 M81
_wDEWEY
_c27736
_i48564
_f2021-11-11
_g5
_lCCODEBUL1
_mBUL
_r0
_sY
_tBOOK
_u2015-6-24
_xTEOLOGIA
_PP35
_0COMPRA
_o.STAFF. Colección General
_d27736
980 _81
_gALBERTO SANCHEZ Responsable de Automatización